| 000 | 00529nam a22001817a 4500 | ||
|---|---|---|---|
| 003 | OSt | ||
| 005 | 20180116183013.0 | ||
| 008 | 150918b xxu||||| |||| 00| 0 eng d | ||
| 020 | _a9780749456313 | ||
| 040 | _c0 | ||
| 082 | _a658.301 EIG 2008 | ||
| 100 | _aAP Eigenhuis. Rob van Dijk | ||
| 245 |
_aHR Strategy For The High Performing Business _cAP Eigenhuis. Rob van Dijk |
||
| 260 |
_aIndia _bKogan Page _c2008 |
||
| 300 |
_a207 P. _bPB |
||
| 440 | _aHR Strategy For The High Performing Business | ||
| 942 |
_2ddc _cBK |
||
| 999 |
_c350366 _d350366 |
||